[Event "Catalunya-ch U16 qual"]
[Site "Girona"]
[Date "2013.??.??"]
[Round "3.5"]
[White "Volkov Pakhomov, Ivan"]
[Black "Mallol Descarrega, Jordi"]
[Result "0-1"]
[WhiteElo "1773"]
[BlackElo "1801"]
[PlyCount "84"]
[EventDate "2013.01.19"]
[EventType "swiss"]
[EventRounds "5"]
[EventCountry "ESP"]
[SourceTitle "EXT 2024"]
[Source "ChessBase"]
[SourceDate "2023.10.10"]
[SourceVersion "1"]
[SourceVersionDate "2023.10.10"]
[SourceQuality "1"]

1. d4 Nf6 2. Nf3 e6 3. e3 b6 4. b3 Bb7 5. Bd3 Be7 6. Bb2 d5 7. Nbd2 0-0 8. 0-0 Nbd7 9. Ne5 c5 10. f4 cxd4 11. exd4 a5 12. Qf3 Qc7 13. Qh3 h6 14. g4 Nh7 15. Nxd7 Qxd7 16. g5 Ba6 17. Bxa6 Rxa6 18. gxh6 g6 19. Rf2 Bd6 20. Raf1 a4 21. f5 g5 22. Rg2 axb3 23. Rxg5+ Nxg5 24. Qh5 f6 25. Qg6+ Kh8 26. Re1 Nf3+ 27. Nxf3 Rg8 28. Kf2 Rxg6 29. fxg6 Rxa2 30. Rg1 Bf8 31. g7+ Bxg7 32. hxg7+ Kg8 33. h4 Rxb2 34. h5 Rxc2+ 35. Ke3 Qb5 36. h6 Qe2+ 37. Kf4 Qe4+ 38. Kg3 Qg6+ 39. Kh4 Qxh6+ 40. Kg4 Qxg7+ 41. Kh5 Qxg1 42. Nxg1 b2 0-1

[Event "Girona-ch"]
[Site "Girona"]
[Date "2012.02.10"]
[Round "5"]
[White "Carraminana Puig, Jordi"]
[Black "Volkov Pakhomov, Ivan"]
[Result "0-1"]
[WhiteElo "1786"]
[BlackElo "1338"]
[PlyCount "70"]
[EventDate "2012.01.13"]
[EventType "swiss"]
[EventRounds "9"]
[EventCountry "ESP"]
[SourceTitle "EXT 2013"]
[Source "ChessBase"]
[SourceDate "2012.11.22"]
[SourceVersion "1"]
[SourceVersionDate "2012.11.22"]
[SourceQuality "1"]

1. d4 Nf6 2. c4 e6 3. Nf3 d5 4. Nc3 Bd6 5. e3 b6 6. Be2 Bb7 7. 0-0 0-0 8. Qc2 Nbd7 9. Nb5 Qe7 10. Bd2 Ba6 11. cxd5 exd5 12. Qa4 Bxb5 13. Bxb5 c5 14. a3 c4 15. Bb4 Nb8 16. Bxd6 Qxd6 17. Ne5 a6 18. Bc6 Nxc6 19. Qxc6 Qxc6 20. Nxc6 a5 21. a4 Nd7 22. Rfc1 Rfe8 23. Ra3 f6 24. b3 Re6 25. Nxa5 Rxa5 26. b4 Ra7 27. f3 b5 28. a5 Nb6 29. Kf2 Na4 30. Ra2 Rae7 31. Re2 f5 32. g3 g5 33. Rcc2 Rc7 34. f4 g4 35. Kg2 c3 0-1

[Event "Girona-ch"]
[Site "Girona"]
[Date "2012.01.20"]
[Round "2"]
[White "Volkov Pakhomov, Ivan"]
[Black "Gultresa Boada, Isaac"]
[Result "0-1"]
[WhiteElo "1338"]
[BlackElo "1603"]
[PlyCount "81"]
[EventDate "2012.01.13"]
[EventType "swiss"]
[EventRounds "9"]
[EventCountry "ESP"]
[SourceTitle "EXT 2013"]
[Source "ChessBase"]
[SourceDate "2012.11.22"]
[SourceVersion "1"]
[SourceVersionDate "2012.11.22"]
[SourceQuality "1"]

1. d4 Nf6 2. e3 d5 3. Nd2 Bg4 4. Ngf3 Nbd7 5. c3 e5 6. Be2 e4 7. Ne5 Nxe5 8. dxe5 Bxe2 9. Qxe2 Nd7 10. Qb5 c6 11. Qxb7 Nxe5 12. 0-0 Bd6 13. f4 exf3 14. Nxf3 Qc8 15. Qxc8+ Rxc8 16. Nd4 0-0 17. b4 Rfe8 18. Nf5 Bc7 19. Bd2 Nc4 20. Rf2 Bb6 21. Re1 g6 22. Nd4 Re7 23. Bc1 Ne5 24. Rd2 a5 25. a4 Rce8 26. Rc2 c5 27. bxc5 Bxc5 28. Nb3 Bb6 29. Nd4 Nd3 30. Ree2 f5 31. g3 f4 32. gxf4 Nxf4 33. Rf2 Nh3+ 34. Kg2 Nxf2 35. Rxf2 Bxd4 36. cxd4 Rc7 37. Bd2 Ra8 38. Re2 Rc4 39. Rf2 Rcc8 40. Kf1 Rc2 41. Ke1 0-1